00698 2200229 4500001002100000005001500021035002000036245011200056100001800168250002000186300005500206856002200261700006100283260003000344082000800374084001400382020002200396600002000418990001000438990001000448990001000458INLIS00000000114847020260602082415 a0010-06260000031 aBersibuk Dalam Kebaikan /cPenulis; Inayah Natsir, Editor Reski Indah Sari, Desain Sampul; Wulan Nugrahaini0 aInayah Natsir aCetakan Pertama avi, 151 halaman :bIlustrasi ;c14 x 20 cmeKertas aPerpustakaan Umum0 aEditor Reski Indah Sari, Desain Sampul; Wulan Nugrahaini aMakassar :bShofia,c2020 a297 a297 INA b a978-602-5862-42-7 4aMotivasi Islami a//001 a//001 a//001